000 00272nam a2200109Ia 4500
008 190216s9999||||xx |||||||||||||| ||und||
100 _aShankar Dayal Sharma
245 0 _aChourangi
260 _bNbs Kottayam
650 _aMalayalam-Malayalam Biography
942 _cBK
999 _c24944
_d24944